| Поле | Название | Значение |
| |
Тип записи |
a |
| |
Библиографический уровень |
m |
| 001 |
Контрольный номер |
056a4f04416b4b3d8739409fd3c0db57 |
| 005 |
Дата корректировки |
20150730144149.2 |
| 101 |
Язык документа |
0_ |
| a |
Язык текста |
rus |
| 102 |
Страна публикации |
__ |
| a |
Страна публикации |
RU |
| 200 |
Заглавие и сведения об ответственности |
1_ |
| a |
Заглавие |
Информационные технологии в физической культуре и спорте |
| e |
Сведения, относящиеся к заглавию |
учеб. для студ. учрежд. высш. проф. образования |
| f |
Первые сведения об ответственности |
П. К. Петров |
| 205 |
Сведения об издании |
__ |
| a |
Основные сведения об издании |
3-е изд., стер. |
| 210 |
Выходные данные |
1_ |
| a |
Место издания |
Москва |
| c |
Издательство |
Академия |
| d |
Дата издания |
2013 |
| 215 |
Физическое описание |
__ |
| a |
Объем |
288 с. |
| 225 |
Серия |
2_ |
| a |
Серия |
Высшее профессиональное образование. Бакалавриат |
| 610 |
Ключевые слова |
0_ |
| a |
Ключевые слова |
информационные технологии |
| a |
Ключевые слова |
физкультура |
| a |
Ключевые слова |
спорт |
| a |
Ключевые слова |
учебник для вузов |
| a |
Ключевые слова |
графика |
| a |
Ключевые слова |
интернет |
| 686 |
Индексы других классификаций |
__ |
| a |
Классификационный индекс |
32.973.202я73 |
| a |
Классификационный индекс |
75я73 |
| 700 |
Автор |
_1 |
| a |
Фамилия |
Петров П. К. |
| 801 |
Источник записи |
_0 |
| a |
Страна |
RU |
| b |
Организация |
РУК |
| c |
Дата составления |
20150730 |
| g |
Правила каталогизации |
PSBO |
| 801 |
Источник записи |
_1 |
| a |
Страна |
RU |
| b |
Организация |
РУК |
| g |
Правила каталогизации |
PSBO |
| 852 |
Данные о местонахождении |
__ |
| i |
Авторский знак |
П 30 |
| j |
Шифр хранения |
ББК 32 |
| 901 |
Тип документа |
__ |
| t |
Тип документа |
m |
| 937 |
Технологическая информация |
__ |
| a |
Создатель записи (имя) |
Майорова |
| 938 |
Служебная информация |
__ |
| a |
Название организации |
Головной вуз |